00825nam a2200265Ia 4500008004000000020001800040041000800058082001600066100002000082245007600102260004600178300001300224650001000237650001000247650001400257650001600271650001300287650001000300650001100310650001000321690001900331906001100350999001900361952017900380210210b2017 xxu||||| |||| 00| 0 eng d a9780199468157 aeng a305.56 GORP aGORRINGE (Hugo) aPanthers in parliament: dalits caste and political power in South India aNew DelhibOxford University Pressc2017 axxvi,397 aSouth apower apolitical aparliament: aPanthers aIndia adalits acaste aSocial Classes a071834 c121605d121605 001040708Political ScienceaALbALcSociologyd2021-02-17eIntact Bookhouse Pvt. Ltd, Bangalore-560050g995.00l0o305.56 GORPp071834r2021-02-17 00:00:00w2021-02-17yBK